[Event "Ogolnopolska Olimpiada Mlodziezy C-12"]
[Site "Spala"]
[Date "1899-12-30"]
[Round "5.16"]
[White "Posluszny, Tomasz"]
[Black "Lipiak, Mateusz"]
[Result "1-0"]
[WhiteTitle "II"]
[BlackTitle "I"]
[WhiteElo "1451"]
[BlackElo "1489"]

1. d4 e6 2. c4 f5 3. g3 Nf6 4. Bg2 Be7 5. Nh3 O-O 6. O-O d6 7. Nd2 Nc6 8. Nf3 e5
9. d5 Nb8 10. Nd2 Na6 11. a3 Qe8 12. b4 Qh5 13. e4 Qh6 14. Nf3 f4 15. Nhg5 Ne8
16. h4 Bg4 17. Bh3 Bxg5 18. Bxg4 Be7 19. Be6+ Kh8 20. Nh2 Nf6 21. Ng4 Qh5 22.
Nxf6 Qxd1 23. Rxd1 Bxf6 24. Kh2 g6 25. Ra2 g5 26. hxg5 Bxg5 27. gxf4 Bxf4+ 28.
Bxf4 Rxf4 29. Re1 Raf8 30. Bf5 Rg8 31. Re3 h5 32. Rg3 c5 33. dxc6 bxc6 34. Rxg8+
Kxg8 35. Kg2 Nc7 36. Rd2 d5 37. cxd5 cxd5 38. Rc2 Nb5 39. Be6+ Kf8 40. Bxd5 Rg4+
41. Kh2 Nd4 42. Rc3 Kg7 43. a4 Ne2 44. Re3 Rh4+ 45. Rh3 Rxh3+ 46. Kxh3 Nc3 47.
Bc6 Kg6 48. Kh4 Kh6 49. a5 Na2 50. b5 Nb4 51. Bd5 Kg6 52. b6 axb6 53. axb6 Na6
54. b7 Nb8 55. f3 Kh6 56. Bf7 1-0

[Event "Ogolnopolska Olimpiada Mlodziezy C-12"]
[Site "Spala"]
[Date "1899-12-30"]
[Round "5.17"]
[White "Maciejewski, Kamil"]
[Black "Bujalski, Mateusz"]
[Result "0-1"]
[WhiteTitle "II+"]
[BlackTitle "II"]
[WhiteElo "1384"]
[BlackElo "1474"]

1. e4 Nf6 2. e5 Nd5 3. d4 e6 4. c4 Nb6 5. Nf3 Be7 6. Be2 Bb4+ 7. Nc3 O-O 8. a3
Be7 9. c5 Nd5 10. Nxd5 exd5 11. Qb3 c6 12. h4 f6 13. exf6 Bxf6 14. Bf4 b6 15.
g4 Ba6 16. Bxa6 Nxa6 17. Qd3 Nc7 18. Ng5 Bxg5 19. Bxg5 Qe8+ 20. Be3 Qf7 21. O-O-O
bxc5 22. dxc5 Rab8 23. h5 Ne6 24. Rdf1 Qf6 25. Qd2 d4 26. g5 dxe3 27. gxf6 exd2+
28. Kxd2 Rxf6 29. b4 Rbf8 30. Rh2 Ng5 31. Ke2 Ne4 32. Ke3 Ng3 33. Rd1 Rf3+ 34.
Kd2 Rxf2+ 35. Rxf2 Ne4+ 36. Ke3 Nxf2 37. Rxd7 Ng4+ 38. Ke2 Rf2+ 39. Ke1 Rf7 40.
Rd8+ Rf8 41. Rd7 Ra8 42. Rd6 Re8+ 43. Kd2 Ne5 44. Kc3 g5 45. hxg6 hxg6 46. a4
Kg7 47. b5 cxb5 48. axb5 Kh6 49. Ra6 Rc8 50. c6 Rc7 51. Kd4 Nf7 52. Kc5 Kg7 53.
b6 axb6+ 54. Kxb6 Rc8 55. c7 Nd8 56. Ra7 Ne6 57. Kc6 Rxc7+ 58. Rxc7+ Nxc7 59.
Kc5 Kf6 60. Kd4 Kf5 61. Ke3 g5 62. Kf3 g4+ 63. Kg3 Nd5 64. Kg2 Kf4 65. Kf2 g3+
66. Kg2 Kg4 67. Kg1 Kh3 68. Kh1 g2+ 69. Kg1 Nc3 70. Kf2 Kh2 71. Ke3 g1=Q+ 72.
Kd3 Qd1+ 73. Kc4 Ne2 74. Kc5 Qd4+ 75. Kb5 Nc3+ 76. Kc6 Qd5+ 77. Kb6 Na4+ 78. Kc7
Qe6 79. Kb7 Nc5+ 80. Kc7 Kg3 81. Kd8 Qd7# 0-1

[Event "Ogolnopolska Olimpiada Mlodziezy C-12"]
[Site "Spala"]
[Date "1899-12-30"]
[Round "5.18"]
[White "Janczak, Dominik"]
[Black "Wegrzyniak, Pawel"]
[Result "1-0"]
[WhiteTitle "II"]
[BlackTitle "II+"]
[WhiteElo "1336"]
[BlackElo "1472"]

1. e4 c5 2. Nc3 Nc6 3. g3 g6 4. Bg2 Bg7 5. d3 d6 6. Be3 e5 7. Qd2 Nge7 8. Bh6 O-O
9. Bxg7 Kxg7 10. Nge2 Rb8 11. O-O f5 12. f4 Bd7 13. Rae1 b5 14. fxe5 Nxe5 15.
exf5 Bxf5 16. d4 Nc4 17. Qc1 b4 18. Nd5 Nxd5 19. Bxd5 Nb6 20. Bg2 Qc7 21. Kh1
Rbe8 22. dxc5 dxc5 23. c3 Be4 24. Bxe4 Rxf1+ 25. Rxf1 Rxe4 26. Nf4 Qb7 27. Nh5+
Kg8 28. Nf6+ Kg7 29. Nxe4 Qxe4+ 30. Kg1 Nd5 31. cxb4 Ne3 32. Rf2 Ng4 33. Rf4 Qe2
34. Qc3+ Kh6 35. Qf3 Qxh2+ 36. Kf1 Qh3+ 37. Ke1 Ne5 38. Qe3 g5 39. Rf1 Nc4 40.
Rf6+ Kh5 41. Qf3+ Qg4 42. Rh6+ Kxh6 43. Qxg4 Ne3 44. Qe6+ Kh5 45. Qxe3 cxb4 46.
Qe6 h6 47. Kf2 b3 48. Kg2 bxa2 49. Kh3 a1=Q 50. g4# 1-0

[Event "Ogolnopolska Olimpiada Mlodziezy C-12"]
[Site "Spala"]
[Date "1899-12-30"]
[Round "5.20"]
[White "Frydrych, Lukasz"]
[Black "Pijewski, Milosz"]
[Result "1/2-1/2"]
[WhiteTitle "II"]
[BlackTitle "II"]
[WhiteElo "1493"]
[BlackElo "1572"]

1. d4 Nf6 2. Nf3 e6 3. Bf4 b6 4. e3 Bb7 5. Bd3 Be7 6. O-O O-O 7. h3 d5 8. c4 Nbd7
9. Nc3 c5 10. Rc1 a6 11. a4 Rc8 12. b3 cxd4 13. exd4 Ba3 14. Rc2 Qe7 15. Qe2 a5
16. Nb5 Bb4 17. Rfc1 Ba6 18. Na7 dxc4 19. Nxc8 Rxc8 20. Bxc4 Bxc4 21. Rxc4 Rxc4
22. Rxc4 Nd5 23. Bd2 Bd6 24. Ne5 h6 25. Nxd7 Qxd7 26. Qe4 Qb7 27. Qc2 Ne7 28.
Qc1 Qb8 29. b4 axb4 30. Bxb4 Bxb4 31. Rxb4 Nd5 32. Rc4 Qf4 33. Rc8+ Kh7 34. Qxf4
Nxf4 35. Kf1 Kg6 36. Rc6 Nd5 37. g3 Kf6 38. Ke2 Ke7 39. Rc8 Kd7 40. Rh8 Nf6 41.
Rb8 Nd5 42. Rb7+ Ke8 43. Kd3 g6 44. Kc4 h5 45. Kb5 Nc3+ 46. Kb4 Nd5+ 47. Kc4 g5
48. Ra7 Kf8 49. a5 bxa5 50. Rxa5 Nb6+ 51. Kb5 Nd5 52. Kc4 Nb6+ 53. Kc5 Nd5 54.
Kd6 Nc3 55. f3 g4 56. hxg4 hxg4 57. Rc5 Ne2 58. fxg4 Nxd4 59. Rc8+ Kg7 60. Ke5
Ne2 1/2-1/2

[Event "Ogolnopolska Olimpiada Mlodziezy C-12"]
[Site "Spala"]
[Date "1899-12-30"]
[Round "5.21"]
[White "Pniaczek, Marek"]
[Black "Fus, Jakub"]
[Result "1-0"]
[WhiteTitle "II"]
[BlackTitle "II"]
[WhiteElo "1527"]
[BlackElo "1429"]

1. e4 c5 2. Nf3 e6 3. d4 cxd4 4. Nxd4 Nf6 5. Nc3 d6 6. Be2 a6 7. O-O Qc7 8. a4
b6 9. Be3 Bb7 10. f3 Be7 11. Qd2 Nbd7 12. Bd3 Ne5 13. Rae1 Rc8 14. Nb3 Nfd7 15.
Bd4 Bf6 16. Kh1 Nc5 17. Bxc5 dxc5 18. Be2 O-O 19. Qe3 Nc6 20. f4 Be7 21. e5 Nb4
22. Qh3 h6 23. Bd1 Rcd8 24. f5 exf5 25. Qxf5 Bc8 26. Qh5 Be6 27. Ne4 Kh7 28. c3
Nd3 29. Bc2 Bxb3 30. Bxb3 Nxe1 31. Bxf7 Rxf7 32. Rxf7 Rf8 33. Nf6+ Bxf6 34. Qf5+
Kg8 35. Rxc7 Bxe5 36. Rc8 Rxc8 37. Qxc8+ Kh7 38. Qf5+ 1-0

[Event "Ogolnopolska Olimpiada Mlodziezy C-12"]
[Site "Spala"]
[Date "1899-12-30"]
[Round "5.23"]
[White "Ciesielski, Maciej"]
[Black "Frank, Mateusz"]
[Result "1/2-1/2"]
[WhiteTitle "II"]
[BlackTitle "II"]
[WhiteElo "1201"]
[BlackElo "1329"]

1. e4 e5 2. Nf3 Nc6 3. Bb5 Nf6 4. O-O Nxe4 5. Re1 Nd6 6. Bxc6 dxc6 7. Nxe5 Be7
8. d4 O-O 9. Nc3 Bf5 10. Qe2 Bf6 11. Bf4 Re8 12. Rad1 Qe7 13. Qd2 Bxe5 14. dxe5
Nc4 15. Qe2 Nb6 16. Qh5 Bg6 17. Qg4 Rad8 18. Rxd8 Rxd8 19. h3 h6 20. e6 Kh7 21.
Kh2 Re8 22. exf7 Qxe1 23. fxe8=R Qxe8 24. Bxc7 Bxc2 25. f4 Qe7 26. Be5 Nd7 27.
Qe2 Bg6 28. g4 Nxe5 29. Qxe5 Qd7 30. f5 Bf7 31. Qe4 Qd6+ 32. Kg2 Qf6 33. Kg3 b5
34. Qe3 a5 35. Qc5 h5 36. Ne4 Qh6 37. g5 h4+ 38. Kh2 Qh5 39. g6+ Bxg6 40. fxg6+
Qxg6 41. Qe3 Kh8 42. Qf3 Qe6 43. Qh5+ Kg8 44. Qxh4 Qxa2 45. Qd8+ Kh7 46. Qh4+
Kg8 47. Qd8+ Kh7 48. Qh4+ Kg8 49. Qd8+ Kf7 50. Qd7+ Kg8 51. Qe8+ Kh7 1/2-1/2

[Event "Ogolnopolska Olimpiada Mlodziezy C-12"]
[Site "Spala"]
[Date "1899-12-30"]
[Round "6.1"]
[White "Kawaler, Adam"]
[Black "Teclaf, Pawel"]
[Result "0-1"]
[WhiteTitle "I"]
[BlackTitle "CM"]
[WhiteElo "1647"]
[BlackElo "1917"]

1. d4 Nf6 2. Nf3 d5 3. c4 c6 4. Nc3 dxc4 5. e3 b5 6. a4 b4 7. Na2 e6 8. Bxc4 Nbd7
9. Bd2 a5 10. Nc1 Nb6 11. Bd3 Be7 12. Ne2 O-O 13. O-O c5 14. Rc1 Bb7 15. Ne5 Rc8
16. Bb5 Ne4 17. Nc4 Nxc4 18. Bxc4 cxd4 19. Nxd4 Nxd2 20. Qxd2 Rxc4 21. Rxc4 Qd5
22. Nf3 Qxc4 23. Rc1 Qg4 24. Qe2 Bxf3 25. Qxf3 Qxf3 26. gxf3 Bf6 27. b3 Rd8 28.
Rc5 g6 29. Rxa5 Rd3 30. Ra8+ Kg7 31. a5 Rxb3 32. a6 Ra3 33. a7 b3 34. Rb8 b2 0-1

[Event "Ogolnopolska Olimpiada Mlodziezy C-12"]
[Site "Spala"]
[Date "1899-12-30"]
[Round "6.2"]
[White "Pytel, Maciej"]
[Black "Pacan-milej, Kosma"]
[Result "0-1"]
[WhiteTitle "I"]
[BlackTitle "II+"]
[WhiteElo "1646"]
[BlackElo "1558"]

1. e4 c5 2. Nf3 d6 3. d4 cxd4 4. Nxd4 Nf6 5. Nc3 a6 6. Bg5 e6 7. f4 Be7 8. Qf3
Qc7 9. O-O-O Nbd7 10. g4 b5 11. Kb1 Bb7 12. a3 O-O-O 13. Bh4 Nc5 14. Bxf6 gxf6
15. b4 Nd7 16. Ndxb5 axb5 17. Nxb5 Qb6 18. a4 Kb8 19. a5 Qc6 20. Nc3 Rc8 21. Kb2
f5 22. Bb5 Qc7 23. a6 Bxe4 24. a7+ Ka8 0-1

[Event "Ogolnopolska Olimpiada Mlodziezy C-12"]
[Site "Spala"]
[Date "1899-12-30"]
[Round "6.3"]
[White "Kokoszczynski, Jan"]
[Black "Pultorak, Jan"]
[Result "1-0"]
[WhiteTitle "I"]
[BlackTitle "I"]
[WhiteElo "1715"]
[BlackElo "1965"]

1. d4 Nf6 2. c4 e6 3. Nc3 Bb4 4. f3 Bxc3+ 5. bxc3 d5 6. cxd5 exd5 7. e3 O-O 8.
Bd3 b6 9. Ne2 c5 10. O-O Re8 11. Ng3 Ba6 12. Re1 Bxd3 13. Qxd3 Nc6 14. Bb2 Rc8
15. Re2 c4 16. Qd2 h5 17. Rae1 Qd7 18. e4 h4 19. Nf5 dxe4 20. Qg5 g6 21. Nh6+
Kg7 22. fxe4 Nh7 23. Qxh4 Qe7 24. Qxe7 Rxe7 25. Ng4 Nf6 26. Nxf6 Kxf6 27. Ba3
Ree8 28. Rf1+ Kg7 29. Ref2 Rxe4 30. Rxf7+ Kg8 31. Rd7 Rce8 32. Rff7 Rh4 33. Rf6
1-0

[Event "Ogolnopolska Olimpiada Mlodziezy C-12"]
[Site "Spala"]
[Date "1899-12-30"]
[Round "6.4"]
[White "Lis, Mateusz"]
[Black "Golecki, Jan"]
[Result "1-0"]
[WhiteTitle "I"]
[BlackTitle "II"]
[WhiteElo "1846"]
[BlackElo "1555"]

1. d4 Nf6 2. c4 g6 3. Nc3 Bg7 4. e4 d6 5. Bd3 O-O 6. Nge2 Nbd7 7. f3 e5 8. d5 a5
9. Be3 Nc5 10. Bc2 Ne8 11. g4 Qh4+ 12. Bf2 Qf6 13. Ng3 Qf4 14. Qe2 Bh6 15. Nf1
Qf6 16. Ne3 a4 17. O-O-O a3 18. b3 c6 19. h4 Qd8 20. g5 Bg7 21. Rdg1 Qa5 22. Be1
Qb6 23. Bd2 cxd5 24. Nexd5 Qd8 25. h5 Be6 26. Qh2 f5 27. hxg6 hxg6 28. Qh7+ Kf7
29. exf5 Bxf5 30. Bxf5 gxf5 31. Qxf5+ Kg8 32. Qh7+ Kf7 33. g6+ Ke6 34. Qh3+ Rf5
35. Rg5 Qxg5 36. Bxg5 Nd3+ 37. Kb1 Nf2 38. Qh4 Nxh1 39. Qxh1 Rxg5 40. Qh3+ Rf5
1-0

[Event "Ogolnopolska Olimpiada Mlodziezy C-12"]
[Site "Spala"]
[Date "1899-12-30"]
[Round "6.5"]
[White "Kopaczewski, Adam"]
[Black "Psyk, Radoslaw"]
[Result "1/2-1/2"]
[WhiteTitle "II+"]
[BlackTitle "I+"]
[WhiteElo "1575"]
[BlackElo "1845"]

1. e4 c5 2. Nf3 a6 3. Nc3 e6 4. d4 cxd4 5. Nxd4 Qc7 6. Be3 Nc6 7. Bd3 Nf6 8. O-O
d6 9. f3 Be7 10. Qe1 O-O 11. Qg3 Kh8 12. Rad1 e5 13. Nde2 Be6 14. a3 b5 15. Kh1
Rad8 16. f4 Bc4 17. Bxc4 bxc4 18. Bc1 Qb7 19. Qf3 Rd7 20. Nd5 Rfd8 21. Rd2 h6
22. h3 exf4 23. Nxe7 Rxe7 24. Nc3 g5 25. g3 Ne5 26. Qe2 f3 27. Qe1 g4 28. Rh2
Ng6 29. Bxh6 Nxe4 30. Nxe4 Qxe4 31. Qc3+ Re5 32. hxg4 f2+ 33. Rg2 Kh7 34. Bf4
Rd5 35. Rfxf2 Rd1+ 36. Kh2 Rh8 37. Re2 Qc6 38. Re1 Kg8+ 39. Qxh8+ Kxh8 40. Rxd1
Qf3 41. Rd4 d5 42. c3 Kg8 43. Bc7 Ne7 44. Rgd2 Kf8 45. Rf4 Qe3 46. Rdf2 f5 47.
gxf5 d4 48. Bd6 Kf7 49. Bxe7 d3 50. f6 d2 51. Rf1 Qe2+ 52. Kh3 d1=Q 53. Rxd1 Qxd1
54. Kh4 Qh1+ 55. Kg5 Qd5+ 56. Kh6 Qd2 57. Kg5 Qd5+ 58. Rf5 Qd2+ 59. Rf4 Qd5+ 60.
Kh6 Qd2 1/2-1/2

[Event "Ogolnopolska Olimpiada Mlodziezy C-12"]
[Site "Spala"]
[Date "1899-12-30"]
[Round "6.6"]
[White "Szpar, Milosz"]
[Black "Wierzbicki, Michal"]
[Result "1-0"]
[WhiteTitle "I"]
[BlackTitle "II"]
[WhiteElo "1798"]
[BlackElo "1438"]

1. e4 e6 2. d4 d5 3. e5 c5 4. c3 Nc6 5. Nf3 cxd4 6. cxd4 Qb6 7. a3 Bd7 8. b4 a5
9. b5 Na7 10. a4 Ne7 11. Be3 Nf5 12. Bd3 Bb4+ 13. Nbd2 Rc8 14. Bxf5 exf5 15. O-O
h6 16. Nb3 Nxb5 17. axb5 Bxb5 18. Re1 Bxe1 19. Qxe1 a4 20. Nc5 Qc6 21. Rc1 Bc4
22. Qb4 b5 23. Re1 O-O 24. Bc1 Rfe8 25. Nh4 f4 26. Ba3 h5 27. Qc3 Qh6 28. Nf5
Qg5 29. Nd6 h4 30. h3 Rcd8 31. Nxe8 Rxe8 32. Bc1 Rb8 33. Na6 Rb6 34. Nb4 Rg6 35.
Qf3 Qf5 36. Ba3 Qe6 37. Kh2 f6 38. Qxf4 fxe5 39. Rxe5 Qd7 40. Re1 Rf6 41. Qxh4
Qf7 42. f3 Rg6 43. Bc1 Qf8 44. Qe7 Qb8+ 45. Re5 Bf1 46. g3 Qc8 47. Qe8+ Qxe8 48.
Rxe8+ Kf7 49. Re5 Bc4 50. Ba3 Re6 51. Rxe6 Kxe6 52. g4 g5 53. Kg3 Kf6 54. f4 gxf4+
55. Kxf4 Kg6 56. h4 Kf6 57. h5 Kg7 58. Kf5 Kf7 59. g5 Bb3 60. h6 Kg8 61. g6 Kh8
62. Kf6 Kg8 63. h7+ 1-0

[Event "Ogolnopolska Olimpiada Mlodziezy C-12"]
[Site "Spala"]
[Date "1899-12-30"]
[Round "6.7"]
[White "Polczyk, Mikolaj"]
[Black "Mike, Patryk"]
[Result "0-1"]
[WhiteTitle "II+"]
[BlackTitle "II+"]
[WhiteElo "1594"]
[BlackElo "1463"]

1. c4 e5 2. Nc3 Nf6 3. Nf3 Nc6 4. g3 Bb4 5. Bg2 d6 6. O-O O-O 7. d3 Bxc3 8. bxc3
h6 9. d4 Re8 10. Qc2 Qe7 11. e3 Rb8 12. Ba3 Bg4 13. h3 Bxf3 14. Bxf3 Qd7 15. Bg2
Na5 16. dxe5 Rxe5 17. Qd3 Qa4 18. Bb4 Nc6 19. f4 Ree8 20. a3 a5 21. e4 Rbd8 22.
Rfd1 Rd7 23. h4 Rdd8 24. e5 dxe5 25. Bxc6 Qxc6 26. Qxd8 Rxd8 27. Rxd8+ Kh7 28.
Be7 exf4 29. Bxf6 Qxf6 30. Rd3 fxg3 31. Rxg3 Qxh4 32. Rf3 Qxc4 33. Raf1 f6 34.
Rb1 b6 35. Kf2 Qc5+ 36. Kg3 Qxa3 37. Rd1 Qe7 38. Rfd3 Qe5+ 39. Kg2 a4 0-1

[Event "Ogolnopolska Olimpiada Mlodziezy C-12"]
[Site "Spala"]
[Date "1899-12-30"]
[Round "6.8"]
[White "Mis, Mieszko"]
[Black "Kosakowski, Jakub"]
[Result "0-1"]
[WhiteTitle "I"]
[BlackTitle "I+"]
[WhiteElo "1619"]
[BlackElo "1953"]

1. e4 c5 2. Nf3 d6 3. d4 cxd4 4. Qxd4 a6 5. Be3 Nc6 6. Qb6 Qxb6 7. Bxb6 Nf6 8.
Nc3 g6 9. O-O-O Bg7 10. Be2 O-O 11. h3 Nd7 12. Be3 b5 13. Nd5 Bb7 14. Nd4 Rae8
15. a3 Nf6 16. Nxf6+ Bxf6 17. Nxc6 Bxc6 18. Bh6 Bg7 19. Bxg7 Kxg7 20. Bd3 f5 21.
exf5 gxf5 22. Be2 Kf6 23. Rhg1 Rd8 24. Bf3 Bxf3 25. gxf3 Rg8 26. Kd2 Rg6 27. Kc3
Rc8+ 28. Kb3 Rc4 29. Rg3 Rh4 30. Rdg1 e5 31. Rd1 Ke6 32. Rdg1 Rgh6 33. Rh1 f4
34. Rg7 Rxh3 35. Rd1 Rxf3+ 36. Kb4 Rxf2 37. Rc7 Rhh2 38. Rc6 Rxc2 39. Rdxd6+ Kf5
40. Rxc2 Rxc2 41. Kb3 Rc8 42. Rxa6 e4 0-1

[Event "Ogolnopolska Olimpiada Mlodziezy C-12"]
[Site "Spala"]
[Date "1899-12-30"]
[Round "6.9"]
[White "Nowak, Mikolaj"]
[Black "Poziomkowski, Szymon"]
[Result "1-0"]
[WhiteTitle "I"]
[BlackTitle "II+"]
[WhiteElo "1711"]
[BlackElo "1431"]

1. e4 c5 2. Nf3 e6 3. d4 cxd4 4. Nxd4 a6 5. Bd3 Qc7 6. O-O Nf6 7. c4 Be7 8. Nc3
O-O 9. h3 d6 10. Be3 Nbd7 11. Rc1 b6 12. a3 Bb7 13. b4 Ne5 14. f3 Nxc4 15. Bxc4
Qxc4 16. Ncb5 axb5 17. Rxc4 bxc4 18. Qc1 Rfc8 19. Ne2 b5 20. Nc3 Bc6 21. Bd4 Nh5
22. Rd1 Ng3 23. Kh2 Nh5 24. Qb2 Nf4 25. Bxg7 Nd3 26. Qa1 e5 27. Bh6 Nxb4 28. Rf1
Nd3 29. Qd1 Rxa3 30. f4 Kh8 31. Qh5 Bf8 32. Qf5 Raa8 33. Bxf8 Rxf8 34. Qf6+ Kg8
35. Ne2 Bxe4 36. Ng3 Bg6 37. f5 c3 38. fxg6 fxg6 39. Qe6+ Kg7 40. Qd7+ Kg8 41.
Rxf8+ Rxf8 42. Ne2 c2 43. Qe6+ Kg7 44. Qxd6 c1=Q 45. Nxc1 Nxc1 46. Qc7+ Kf6 47.
Qxc1 Re8 48. Qf1+ Kg7 49. Qxb5 Re7 50. Qc5 Kf7 51. Qd5+ Kf8 52. Qe4 Kf7 53. Kg3
Kg7 54. Kg4 Kf7 55. h4 Kg7 56. Qb4 Kf7 57. Qe4 Kg7 58. h5 gxh5+ 59. Kxh5 Kf6 60.
Kh6 Ke6 61. g4 Kd6 62. g5 Kd7 63. Kh5 Kd6 64. Kg4 Rf7 65. Qb4+ Ke6 66. Qb6+ Ke7
67. Qc7+ Ke6 68. Qc6+ Ke7 69. Qd5 Rf4+ 70. Kh5 Rf5 71. Kh6 Kf8 72. Qe6 Rf1 73.
Kxh7 e4 74. Qxe4 Rf7+ 75. Kh6 Rf1 76. g6 Rf6 77. Qa8+ Ke7 78. Qb7+ Kf8 79. Qg7+
Ke8 80. Qxf6 Kd7 81. g7 Kc7 82. g8=R Kd7 83. Rg7+ Ke8 84. Qe7# 1-0

[Event "Ogolnopolska Olimpiada Mlodziezy C-12"]
[Site "Spala"]
[Date "1899-12-30"]
[Round "6.10"]
[White "Strzelecki, Maciej"]
[Black "Szczurek, Krzysztof"]
[Result "1-0"]
[WhiteTitle "II"]
[BlackTitle "I"]
[WhiteElo "1526"]
[BlackElo "1775"]

1. e4 c5 2. Nf3 d6 3. d4 cxd4 4. Nxd4 Nf6 5. Nc3 a6 6. Be3 e5 7. Nb3 Be7 8. f3
Be6 9. Qd2 O-O 10. g4 b5 11. g5 Nh5 12. O-O-O Nc6 13. Nd5 Bxd5 14. exd5 Nb8 15.
Bd3 Nd7 16. Na5 f5 17. Nc6 Qe8 18. Nxe7+ Qxe7 19. f4 Nxf4 20. Bxf4 exf4 21. Qxf4
Qe5 22. Qxe5 dxe5 23. Rhf1 e4 24. Be2 Rae8 25. a4 bxa4 26. Bxa6 Nc5 27. Bc4 f4
28. d6+ Kh8 29. Rd5 Nd7 30. Bb5 Re5 31. Rxe5 Nxe5 32. d7 f3 33. Rd1 Rd8 34. Re1
Nxd7 35. Rxe4 Nc5 36. Rf4 Rc8 37. Kd1 Ne6 38. Re4 Rd8+ 39. Ke1 a3 40. bxa3 Nd4
41. Ba4 g6 42. c3 Nf5 43. Re8+ Rxe8+ 44. Bxe8 Nd6 45. Bc6 Nf7 46. h4 Ne5 47. Be4
Kg7 48. a4 Nc4 49. Bxf3 Kf8 50. Bd5 Nb6 51. Bb3 Ke7 52. a5 Nc8 53. Ke2 Kd6 54.
Bg8 Ke7 55. c4 Kf8 56. Bd5 Ke7 57. c5 Kd7 58. a6 Na7 59. Bg8 Ke7 60. Kd3 Kf8 61.
Bd5 Ke7 62. Kc4 Kd7 63. Kb4 Nc8 64. Ka5 Kc7 65. Bg8 Ne7 66. Bxh7 Kc6 67. h5 gxh5
68. Be4+ Kxc5 69. a7 h4 70. a8=Q Kd5 1-0

[Event "Ogolnopolska Olimpiada Mlodziezy C-12"]
[Site "Spala"]
[Date "1899-12-30"]
[Round "6.11"]
[White "Dabrowski, Damian"]
[Black "Bujalski, Mateusz"]
[Result "1-0"]
[WhiteTitle "II+"]
[BlackTitle "II"]
[WhiteElo "1627"]
[BlackElo "1474"]

1. e4 c5 2. Nf3 Nc6 3. d4 cxd4 4. Nxd4 Nf6 5. Nc3 e6 6. Nxc6 bxc6 7. e5 Nd5 8.
Ne4 Be7 9. Bd3 O-O 10. Qh5 Nb4 11. Nf6+ 1-0

[Event "Ogolnopolska Olimpiada Mlodziezy C-12"]
[Site "Spala"]
[Date "1899-12-30"]
[Round "6.12"]
[White "Kozlowski, Pawel"]
[Black "Janczak, Dominik"]
[Result "1-0"]
[WhiteTitle "II"]
[BlackTitle "II"]
[WhiteElo "1577"]
[BlackElo "1336"]

1. f4 d5 2. Nf3 g6 3. e3 Bg7 4. d4 Nf6 5. Bd3 O-O 6. O-O Bg4 7. Nbd2 Nc6 8. c3
e6 9. Qe1 Bxf3 10. Nxf3 Rc8 11. Qh4 Na5 12. Qh3 c5 13. g4 cxd4 14. exd4 Nc4 15.
Ne5 Nd6 16. Qg2 Nfe4 17. g5 h6 18. h4 hxg5 19. hxg5 b5 20. Qh3 a6 21. Kg2 f6 22.
Nxg6 Re8 23. Rh1 1-0

[Event "Ogolnopolska Olimpiada Mlodziezy C-12"]
[Site "Spala"]
[Date "1899-12-30"]
[Round "6.13"]
[White "Ochowicz, Jakub"]
[Black "Posluszny, Tomasz"]
[Result "1-0"]
[WhiteTitle "II"]
[BlackTitle "II"]
[WhiteElo "1713"]
[BlackElo "1451"]

1. e4 e5 2. Nf3 Nf6 3. Nxe5 d6 4. Nf3 Nxe4 5. Nc3 Nxc3 6. dxc3 Be7 7. Bf4 O-O 8.
Be2 Bg4 9. Qd2 Nc6 10. h3 Bh5 11. O-O-O a6 12. g4 Bg6 13. h4 Be4 14. Qe3 Bxf3
15. Bxf3 Re8 16. Qd3 Qc8 17. Rdg1 Ne5 18. Bxe5 dxe5 19. Be4 g6 20. g5 c6 21. h5
Qe6 22. Kb1 Rad8 23. Qe3 Rd6 24. hxg6 fxg6 25. Rh4 Red8 26. Bd3 R8d7 27. b3 b5
28. Rh2 e4 29. Be2 Qf5 30. Bg4 Bxg5 31. Bxf5 Rd1+ 32. Kb2 Bxe3 33. fxe3 Rxg1 34.
Bxd7 c5 35. Bc6 Rg4 36. b4 cxb4 37. cxb4 h5 38. Kc3 h4 39. Bd7 Rg3 40. Rxh4 Rxe3+
41. Kd2 Ra3 42. Rxe4 Kg7 43. Be6 Kf6 44. Bb3 a5 45. bxa5 Rxa5 46. Kc3 Ra8 47.
Kb4 Kf5 48. Re6 Rb8 49. Rc6 g5 50. Rc5+ Kf4 51. Rxb5 Rxb5+ 52. Kxb5 Ke4 53. Kc5
g4 54. Bd5+ Ke3 55. a4 Kf2 56. a5 g3 57. a6 g2 58. Bxg2 Kxg2 59. a7 Kh2 60. a8=Q
Kg3 61. Qe4 Kh2 62. Qg4 Kh1 63. Kd4 Kh2 64. Ke3 Kh1 65. Kf2 Kh2 66. Qg2# 1-0

[Event "Ogolnopolska Olimpiada Mlodziezy C-12"]
[Site "Spala"]
[Date "1899-12-30"]
[Round "6.14"]
[White "Twardowski, Hubert"]
[Black "Pniaczek, Marek"]
[Result "0-1"]
[WhiteTitle "II"]
[BlackTitle "II"]
[WhiteElo "1450"]
[BlackElo "1527"]

1. e4 e5 2. Nf3 Nc6 3. Bb5 a6 4. Ba4 Nf6 5. O-O b5 6. Bb3 Be7 7. Re1 O-O 8. c3
d6 9. h3 Na5 10. Bc2 c5 11. a4 Be6 12. d4 Qc7 13. d5 Bd7 14. Nbd2 c4 15. axb5
axb5 16. Nf1 Nb7 17. Be3 Nc5 18. Ng3 Rfb8 19. Qd2 g6 20. Bxc5 Qxc5 21. b4 cxb3
22. Bxb3 Ra3 23. Qb2 Rba8 24. Nd2 Bd8 25. Rxa3 Qxa3 26. Rb1 Qxb2 27. Rxb2 Ra1+
28. Rb1 Rxb1+ 29. Nxb1 h5 30. f3 Bb6+ 31. Kf1 h4 32. Ne2 Nh5 33. Ke1 f5 34. Nd2
Kf7 35. Kd1 Kf6 36. Kc2 Kg5 37. Nf1 Nf4 38. Nxf4 Kxf4 39. Kd3 fxe4+ 40. fxe4 g5
41. Bd1 b4 42. c4 Bd4 43. Nd2 Kg3 44. Bf3 g4 45. hxg4 Bxg4 46. Nf1+ Kf4 47. Bxg4
Kxg4 48. Kc2 Kf4 49. Kb3 Bc5 50. Kc2 Kxe4 51. g3 h3 52. g4 Kf4 53. Nh2 e4 54.
Kd2 e3+ 55. Ke2 b3 56. Kd3 Ke5 57. Kd4+ 0-1

[Event "Ogolnopolska Olimpiada Mlodziezy C-12"]
[Site "Spala"]
[Date "1899-12-30"]
[Round "6.15"]
[White "Zolkiewski, Jakub"]
[Black "Baran, Mateusz"]
[Result "1-0"]
[WhiteTitle "II"]
[BlackTitle "II"]
[WhiteElo "1504"]
[BlackElo "1377"]

1. d4 d5 2. c4 e6 3. Nc3 Nf6 4. Bg5 Be7 5. e3 h6 6. Bh4 O-O 7. Nf3 b6 8. Be2 Bb7
9. O-O Nbd7 10. Rb1 c5 11. b3 Ne4 12. Bxe7 Qxe7 13. Rc1 Rac8 14. dxc5 Nxc3 15.
Rxc3 bxc5 16. Qc1 d4 17. exd4 Bxf3 18. Bxf3 cxd4 19. Rd3 e5 20. Re1 Qc5 21. Bd5
Rfe8 22. Be4 Nf6 23. f3 Nh5 24. g3 Qd6 25. Qd1 g6 26. Bb7 Rc7 27. Bd5 Kg7 28.
Rxd4 Nf6 29. Rd2 Rce7 30. Kg2 Qc5 31. Rde2 Nh5 32. Qa1 f6 33. Qb2 Qc8 34. Qc2
Qd7 35. Rd1 Qc8 36. Rde1 Qd7 37. b4 f5 38. Qb2 Qd6 39. f4 Qf6 40. fxe5 Qg5 41.
e6+ Kf8 42. Qh8# 1-0

[Event "Ogolnopolska Olimpiada Mlodziezy C-12"]
[Site "Spala"]
[Date "1899-12-30"]
[Round "6.16"]
[White "Wloch, Mikolaj"]
[Black "Paliwoda, Borys"]
[Result "1-0"]
[WhiteTitle "II"]
[BlackTitle "II"]
[WhiteElo "1455"]
[BlackElo "1499"]

1. e4 c5 2. Nf3 e6 3. d4 cxd4 4. Nxd4 a6 5. Bd3 Qc7 6. O-O b5 7. Be3 Bb7 8. Nb3
Nf6 9. N1d2 d6 10. a4 b4 11. f4 Be7 12. Qe2 Nbd7 13. Kh1 O-O 14. Rf3 Ng4 15. Bg1
Bf6 16. Rb1 e5 17. Rg3 Nh6 18. f5 g6 19. Be3 Bg7 20. Rh3 Nxf5 21. exf5 d5 22.
Qg4 e4 23. Qh4 h5 24. Be2 Qxc2 25. Bg5 e3 26. Rxe3 Qxf5 27. Rf1 Qc2 28. Re7 Bc8
29. Qf4 f6 30. Bh6 Rf7 31. Re8+ Rf8 32. Rxf8+ Bxf8 33. Bxf8 Kxf8 34. Qd6+ Kg7
35. Qe7+ Kh6 36. Qe3+ g5 37. Bd3 Qc6 38. Qe7 f5 39. Bxf5 g4 40. Qh7+ Kg5 41. Qg7+
Kh4 42. Nf3+ gxf3 43. Qg3# 1-0

[Event "Ogolnopolska Olimpiada Mlodziezy C-12"]
[Site "Spala"]
[Date "1899-12-30"]
[Round "6.17"]
[White "Majocha, Piotr"]
[Black "Gozdzicki, Maciej"]
[Result "1/2-1/2"]
[WhiteTitle "II"]
[BlackTitle "II"]
[WhiteElo "1462"]
[BlackElo "1373"]

1. e4 c5 2. Nf3 e6 3. d4 cxd4 4. Nxd4 a6 5. Nc3 b5 6. a3 Qc7 7. Be3 Bb7 8. Be2
Nf6 9. f3 d5 10. exd5 Nxd5 11. Nxd5 Bxd5 12. O-O Bd6 13. h3 O-O 14. c3 Nd7 15.
Qd2 Nb6 16. Rad1 Rfd8 17. Qc1 Bb7 18. Nc2 Nd5 19. Bf2 Nf4 20. Rde1 Bd5 21. Ne3
Nxe2+ 22. Rxe2 Bf4 23. Qc2 Bb7 24. Rd2 Rxd2 25. Qxd2 Rd8 26. Qc2 Qe7 27. Rd1 Rxd1+
28. Qxd1 Qd6 29. Qxd6 Bxd6 30. Kf1 Kf8 31. Ke2 Ke7 32. Kd3 Bc7 33. Nc2 Kd6 34.
Nb4 e5 35. b3 f5 36. Bg3 Ke6 37. Ke2 Bb6 38. Bf2 Bxf2 39. Kxf2 h5 40. h4 f4 41.
Nd3 Kd5 42. Nb4+ Kc5 43. Nd3+ Kd5 44. Nb4+ Kc5 45. Ke1 1/2-1/2

[Event "Ogolnopolska Olimpiada Mlodziezy C-12"]
[Site "Spala"]
[Date "1899-12-30"]
[Round "6.19"]
[White "Pijewski, Milosz"]
[Black "Manka, Mateusz"]
[Result "0-1"]
[WhiteTitle "II"]
[BlackTitle "II"]
[WhiteElo "1572"]
[BlackElo "1460"]

1. e4 c5 2. Nf3 d6 3. d4 cxd4 4. Nxd4 Nf6 5. Nc3 g6 6. Be3 Bg7 7. f3 O-O 8. Qd2
Nc6 9. O-O-O d5 10. Nxc6 bxc6 11. exd5 cxd5 12. Nxd5 Nxd5 13. Qxd5 Qc7 14. Bd3
Be6 15. Qc5 Qb7 16. Qb5 Qxb5 17. Bxb5 Rab8 18. Bd3 Bxb2+ 19. Kd2 a5 20. a3 Rfc8
21. Bf4 Rb6 22. Be3 Rd6 23. Bf4 Rd7 24. a4 Rd4 25. Be5 Bc3+ 26. Ke2 Rxa4 27. Bxc3
Rxc3 28. Ra1 Rca3 29. Rxa3 Rxa3 30. Kd2 Kg7 31. Re1 Kf6 32. g3 Ra4 33. Kc3 Bd5
34. f4 e6 35. Rf1 Ke7 36. Rb1 h5 37. Re1 Kd6 38. Rb1 e5 39. Rb6+ Kc5 40. Rb5+
Kc6 41. fxe5 Ra3+ 42. Kd4 Rxd3+ 43. cxd3 Kxb5 44. Kxd5 a4 45. Kd6 a3 46. Ke7 a2
47. e6 0-1